logo

Bir Sreshtho Munshi Abdur Rouf Library
Jhenaidah Cadet College

Pick me up : (Record no. 9704)

MARC details
000 -LEADER
fixed length control field 01093pam a2200337 a 4500
001 - CONTROL NUMBER
JCCL Control Number 9704
003 - CONTROL NUMBER IDENTIFIER
JCCL marc code BD - JhCC
005 - DATE AND TIME OF LATEST TRANSACTION
control field 20180328170939.0
008 - FIXED-LENGTH DATA ELEMENTS--GENERAL INFORMATION
fixed length control field 180322s2006 enkabc j 001 0 eng d
020 ## - INTERNATIONAL STANDARD BOOK NUMBER
International Standard Book Number 9780756621599
Terms of availability £19.99
020 ## - INTERNATIONAL STANDARD BOOK NUMBER
Terms of availability £19.99
035 ## - SYSTEM CONTROL NUMBER
system control number (Uk)013507934
-- (BD - JhCC)9704
035 ## - SYSTEM CONTROL NUMBER
system control number (UkLCURL)99013507934
038 ## - RECORD CONTENT LICENSOR
Record content licensor Uk
040 ## - CATALOGING SOURCE
Original cataloging agency StDuBDS
Transcribing agency StDuBDS
Modifying agency Uk
-- BD - JhCC
041 ## - LANGUAGE CODE
Language code of Book eng
082 04 - DEWEY DECIMAL CLASSIFICATION NUMBER
Classification number 031.02
DDC Edition number 22
Author mark and Year PIC 2006
090 ## - LOCALLY ASSIGNED LC-TYPE CALL NUMBER (OCLC); LOCAL CALL NUMBER (OCLC)
Classification number (OCLC) (R) ; Classification number, CALL (RLIN) (NR) BNB
245 00 - TITLE STATEMENT
Title Pick me up :
Remainder of title stuff you need to know ... /
Statement of responsibility, etc David Roberts, Jeremy Leslie,
260 ## - PUBLICATION, DISTRIBUTION, ETC. (IMPRINT)
Place of publication, distribution, etc London :
Name of publisher, distributor, etc Dorling Kindersley,
Date of publication, distribution, etc c2006.
300 ## - PHYSICAL DESCRIPTION
Pagination 351 p. :
Other physical details ill. (chiefly col.), col. map, ports. (some col.) ;
Dimensions 25 cm.
500 ## - GENERAL NOTE
General note Includes index.
500 ## - GENERAL NOTE
General note Created by David Roberts and Jeremy Leslie; edited by David Roberts; writers, Simon Adams et al.
500 ## - GENERAL NOTE
General note Formerly CIP.
Institution to which field applies Uk
650 #0 - SUBJECT ADDED ENTRY--TOPICAL TERM
Topical term or geographic name as entry element Children's encyclopedias and dictionaries.
700 1# - ADDED ENTRY--PERSONAL NAME
Personal name Roberts, David,
Dates associated with a name 1954-
700 1# - ADDED ENTRY--PERSONAL NAME
Personal name Leslie, Jeremy.
700 1# - ADDED ENTRY--PERSONAL NAME
Personal name Adams, Simon,
Dates associated with a name 1955-
942 ## - ADDED ENTRY ELEMENTS (KOHA)
Source of classification or shelving scheme Dewey Decimal Classification
Koha item type Books
Holdings
Source of classification or shelving scheme Damaged status Not for loan Home library Current library Shelving location Total Checkouts Full call number Barcode Date last seen Date checked out Copy number Koha item type
Dewey Decimal Classification     JCC Rouf Library JCC Rouf Library General Stacks 1 031.02 PIC 2006 12914 03/24/2020 09/09/2019 C - 1 Reference

JCC Library | Contacts | JCC Home

Last Update on 23 September 2017
Copyright @ 2017-2020 JCC Rouf Library
Rouf Library, Jhenidah Cadet College (JCC), Bangladesh